Auditoría (Registro nro. 145)

Detalles MARC
000 -LEADER
fixed length control field 01493 a2200205 4500
001 - CONTROL NUMBER
control field 230
005 - DATE AND TIME OF LATEST TRANSACTION
control field 20260407155415.0
008 - FIXED-LENGTH DATA ELEMENTS--GENERAL INFORMATION
fixed length control field 260407a2009 arg spa d
003 - CONTROL NUMBER IDENTIFIER
control field AR-UNSa-BCEJYS
040 ## - CATALOGING SOURCE
Original cataloging agency AR-UNSa-BCEJYS
Language of cataloging spa
Transcribing agency AR-UNSa-BCEJYS
080 ## - UNIVERSAL DECIMAL CLASSIFICATION NUMBER
Universal Decimal Classification number 657.6
Common auxiliary subdivision Auditoria (control interno)
020 ## - INTERNATIONAL STANDARD BOOK NUMBER
International Standard Book Number 978-987-01-0974-7
100 1# - MAIN ENTRY--PERSONAL NAME
Personal name Montanini, Gustavo Amado
245 10 - TITLE STATEMENT
Title Auditoría
264 #1 - PRODUCTION, PUBLICATION, DISTRIBUTION, MANUFACTURE, AND COPYRIGHT NOTICE
Place of production, publication, distribution, manufacture Buenos Aires :
Name of producer, publisher, distributor, manufacturer Errepar
Date of production, publication, distribution, manufacture, or copyright notice 2009
300 ## - PHYSICAL DESCRIPTION
Extent xxx, 609 p.
Dimensions 21 cm.
505 ## - FORMATTED CONTENTS NOTE
Formatted contents note 1. Concepto e importancia social de la auditoría - 2. Las normas contables y de auditoría - 3. La auditoría como proceso de formación de un juicio - 4. Riesgos vinculados con el proceso de auditoría - 5. La independencia - 6. Documentación del trabajo - 7. Conocimiento del ente - 8. Conocimiento del objeto auditado y planificación general de la auditoría - 9. Cuestiones inherentes a la administración de la auditoría - 10. Conocimiento del sistema de control interno - 11. La evidencia de auditoría y la realización de procedimientos de validación de saldos - 12. Los riesgos de auditoría y las pruebas de validación de saldos aplicados a los rubros y a los procesos - 13. Muestreo para determinar las bases selectivas de la auditoría - 14. Trabajos de cierre de la auditoría - 15. Informe de auditoría - 16. Otros informes del contador público - 17. Responsabilidad del contador público - 18. Algunas cuestiones especiales
590 ## - LOCAL NOTE (RLIN)
Local note niveau_biblio:m niveau_hierar:0
942 ## - ADDED ENTRY ELEMENTS (KOHA)
Koha item type
Existencias
Withdrawn status Lost status Damaged status Not for loan Home library Current library Shelving location Date acquired Total checkouts Full call number Barcode Date last seen Price effective from Koha item type
        Biblioteca Prof. Eusebio Cleto del Rey Biblioteca Prof. Eusebio Cleto del Rey   07/04/2026   657.6 M757 L117495 07/04/2026 07/04/2026 Libro
        Biblioteca Prof. Eusebio Cleto del Rey Biblioteca Prof. Eusebio Cleto del Rey   07/04/2026   657.6 M757 L117496 07/04/2026 07/04/2026 Libro
        Biblioteca Prof. Eusebio Cleto del Rey Biblioteca Prof. Eusebio Cleto del Rey   07/04/2026   657.6 M757 L117497 07/04/2026 07/04/2026 Libro
        Biblioteca Prof. Eusebio Cleto del Rey Biblioteca Prof. Eusebio Cleto del Rey   07/04/2026   657.6 M757 L117498 07/04/2026 07/04/2026 Libro
        Biblioteca Prof. Eusebio Cleto del Rey Biblioteca Prof. Eusebio Cleto del Rey   07/04/2026   657.6 M757 L117499 07/04/2026 07/04/2026 Libro